Statystyki dla Państwa z największymi wydatkami na wojskowość

Kliknij tutaj aby rozwiązać quiz!

Ogólne statystyki

  • Ten quiz został rozwiązany 281 razy
  • Średni wynik to 17 z 20

Statystyki odpowiedzi

lp.PaństwoWydatki w miliardach dolarów% Poprawnych
6.Rosja61,4
99%
1.Stany Zjednoczone649,0
99%
2.Chiny250,0
97%
8.Niemcy49,5
97%
5.Francja63,8
96%
7.Wielka Brytania50,0
91%
19.Polska11,6
90%
12.Brazylia27,7
89%
14.Kanada21,6
89%
9.Japonia46,6
88%
4.Indie66,5
87%
16.Hiszpania18,2
86%
11.Włochy27,8
85%
10.Korea Południowa43,1
84%
18.Iran13,2
79%
15.Turcja19,0
77%
17.Izrael15,9
67%
3.Arabia Saudyjska67,6
66%
13.Australia26,7
64%
20Pakistan11,4
64%

Rozkład punktacji

Percentyl według liczby udzielonych odpowiedzi

Procent ludzi z każdym wynikiem

Twoja historia wyników

Nie rozwiązałeś tego quizu